Port-Royal / (Record no. 137038)
[ view plain ]
| 000 -LEADER | |
|---|---|
| campo de control de longitud fija | 00996nam a2200217 i 4500 |
| 001 - NÚMERO DE CONTROL | |
| campo de control | 137038 |
| 003 - IDENTIFICADOR DE NÚMERO DE CONTROL | |
| campo de control | ES-MaACL |
| 005 - FECHA Y HORA DE LA ÚLTIMA TRANSACCIÓN | |
| campo de control | 20251005063115.0 |
| 007 - CAMPO FIJO DE DESCRIPCIÓN FÍSICA--INFORMACIÓN GENERAL | |
| campo de control de longitud fija | t| |
| 008 - DATOS DE LONGITUD FIJA--INFORMACIÓN GENERAL | |
| campo de control de longitud fija | 070214s1926 fr r ||||1| fre d |
| 100 1# - ENTRADA PRINCIPAL--NOMBRE DE PERSONA | |
| Nombre de persona | Sainte-Beuve, Charles-Augustin, |
| Fechas asociadas al nombre | 1804-1869 |
| 9 (RLIN) | 162958 |
| 245 10 - MENCIÓN DEL TÍTULO | |
| Título | Port-Royal / |
| Mención de responsabilidad, etc. | Charles-Augustin Sainte-Beuve ; edition documentaire établie par René Louis Doyon, Charles Marchesne. |
| 260 ## - PUBLICACIÓN, DISTRIBUCIÓN, ETC. | |
| Lugar de publicación, distribución, etc. | Paris : |
| Nombre del editor, distribuidor, etc. | La Connaissance, |
| Fecha de publicación, distribución, etc. | 1926. |
| 300 ## - DESCRIPCIÓN FÍSICA | |
| Extensión | 10 v. ; |
| Dimensiones | 26 cm. |
| 505 8# - NOTA DE CONTENIDO CON FORMATO | |
| Nota de contenido con formato | Contiene: Tomo I. Origines Et renaissance De Port-Royal -- Tomo II. Le Port-Royal De M. De Saint-Cyran --Tomo III- IV. Pascal -- Tomo V. Les petites ècoles ---. Tomo VI-VII. La seconde generation de Port-Royal -- Tomo VIII-IX. Le Port-Royal finissant --. Tomo X Tables analytique et chronologiques |
| 650 #4 - PUNTO DE ACCESO ADICIONAL DE MATERIA--TÉRMINO DE MATERIA | |
| Término de materia o nombre geográfico como elemento de entrada | Jansenismo. |
| 9 (RLIN) | 151988 |
| 700 0# - ENTRADA AGREGADA--NOMBRE PERSONAL | |
| Nombre de persona | Doyon, René Louis. |
| 9 (RLIN) | 45559 |
| 700 1# - ENTRADA AGREGADA--NOMBRE PERSONAL | |
| Nombre de persona | Marchesné, Charles. |
| 9 (RLIN) | 164307 |
| 852 ## - LOCALIZACIÓN | |
| Ubicación | ES-MaACL |
| Número de control de estantería | A-2331-40 |
| Estatus retirado | Estado de pérdida | Estado de daño | No para préstamo | Biblioteca de origen | Biblioteca actual | Ubicación en estantería | Fecha de adquisición | Fuente de adquisición | Total de préstamos | Signatura topográfica completa | Código de barras | Visto por última vez | Precio de reemplazo | Tipo de ítem Koha |
|---|---|---|---|---|---|---|---|---|---|---|---|---|---|---|
| Biblioteca del Ateneo de Madrid | Biblioteca del Ateneo de Madrid | Sala Pecera Planta 1 | 17/01/2008 | A-2331-40 | 1142611 | 23/02/2023 | 23/02/2023 | Libro impreso |
